[Event "Mumbai ICS-ch"]
[Site "Mumbai"]
[Date "2022.10.01"]
[Round "6"]
[White "Pratik, Togare"]
[Black "Aaditya, Anand"]
[Result "0-1"]
[WhiteElo "1243"]
[BlackElo "1153"]
[PlyCount "100"]
[EventDate "2022.09.25"]
[EventType "swiss"]
[EventRounds "8"]
[EventCountry "IND"]
[SourceTitle "EXT 2023"]
[Source "ChessBase"]
[SourceDate "2022.10.05"]
[SourceVersion "1"]
[SourceVersionDate "2022.10.05"]
[SourceQuality "1"]

1. Nf3 d5 2. g3 g6 3. Bg2 Bg7 4. d4 Nf6 5. 0-0 0-0 6. c4 c6 7. Nc3 Nbd7 8. cxd5 cxd5 9. e3 e6 10. Qc2 a6 11. b3 b5 12. Ba3 Re8 13. Rfc1 Bb7 14. Bf1 Rc8 15. Qd2 Qb6 16. Bb2 Ne4 17. Nxe4 dxe4 18. Ne1 a5 19. Nc2 b4 20. a3 bxa3 21. Rxa3 Bf8 22. b4 axb4 23. Rb3 Bd5 24. Rxb4 Rxc2 25. Qxc2 Qxb4 26. Ra1 Qb3 27. Qc1 Rb8 28. Ba3 Bxa3 29. Rxa3 Qb2 30. Qxb2 Rxb2 31. Ra7 Rb1 32. Kg2 Nf6 33. h3 h5 34. Rc7 Rb7 35. Rc8+ Kg7 36. Ba6 Rb6 37. Be2 Rc6 38. Rb8 Nd7 39. Rd8 Nb6 40. g4 Rc2 41. Bd1 Rd2 42. Bb3 Bxb3 43. Rb8 Bd1 44. Rxb6 hxg4 45. hxg4 Bxg4 46. Kg3 Bf3 47. Rb5 Rd1 48. Rb2 Rg1+ 49. Kf4 Kf6 50. Rb5 Rg4# 0-1

[Event "Mumbai ICS-ch"]
[Site "Mumbai"]
[Date "2022.09.25"]
[Round "3"]
[White "Guru, Prakash"]
[Black "Pratik, Togare"]
[Result "1-0"]
[WhiteElo "1508"]
[BlackElo "1243"]
[PlyCount "69"]
[EventDate "2022.09.25"]
[EventType "swiss"]
[EventRounds "8"]
[EventCountry "IND"]
[SourceTitle "EXT 2023"]
[Source "ChessBase"]
[SourceDate "2022.10.05"]
[SourceVersion "1"]
[SourceVersionDate "2022.10.05"]
[SourceQuality "1"]

1. e4 c5 2. Nf3 d6 3. d4 cxd4 4. Nxd4 Nf6 5. Nc3 a6 6. h3 e5 7. Nde2 h5 8. g3 Be6 9. Bg2 Be7 10. Be3 Nbd7 11. 0-0 b5 12. Qd2 Nb6 13. b3 b4 14. Nd5 Nbxd5 15. exd5 Bf5 16. f4 Rc8 17. fxe5 Rxc2 18. Qd1 Qd7 19. exf6 Bxf6 20. Bd4 Bxd4+ 21. Nxd4 Rxg2+ 22. Kxg2 Bxh3+ 23. Kg1 Bxf1 24. Qe1+ Kf8 25. Qxf1 Qg4 26. Qf4 Qh3 27. Rf1 Qd7 28. Nf5 Kg8 29. Qxd6 Qxd6 30. Nxd6 h4 31. g4 f6 32. Nb7 Kf7 33. d6 Ke6 34. Re1+ Kd7 35. Re7+ 1-0